000 00522pab a2200181 454500
008 180718b2010 xxu||||| |||| 00| 0 eng d
100 _aTupe, Sanjay
245 _aAn empirical study of trends and determinants of Indian agricultural production for pre and post reforms period
260 _c2010
300 _ap.285-292.
362 _aJan-Mar
650 _aAgricultural production - India
650 _aAgricultural production
700 _aKamat, Manoj
773 _aProductivity
908 _aN
909 _a90367
999 _c90367
_d90367